000 00211 a2200097 4500
001 3555
100 _aLandee, R.W
245 _aElectronic designers hand book
260 _a
_bMcgrawhill
_c
090 _c2819
_d2819
942 _aNUST-CAE
_cM
_c20213
999 _c238628
_d238628